00617cam a22002171 4500001001300000003000400013005001700017008004100034010001700075035002000092040001900112042001200131050001400143060002200157100001800179245008600197260004300283300002200326700003400348999001700382med47000756 DLC20260227111600.0810815s1944 xx a 000 0 dut  amed47000756  a(OCoLC)14741408 aDLCcDNLMdDLC apremarc00aRC87b.K80 aWA 292bK97v 19441 aKuster, B. G.10aVademecum voor den E. H. B. O.-erc... onder toezicht van dr. P. W. L. Penris ... a's-Gravenhage [etc.]bvan Goor,c1944. a203, [1] p.bill.1 aPenris, Peter Willem Leonard. c38172d38172